| 000 | 00331nam a22001337a 4500 | ||
|---|---|---|---|
| 008 | 181012b xxu||||| |||| 00| 0 eng d | ||
| 020 | _a9780072990515 | ||
| 041 | _aeng | ||
| 080 |
_22nd _a201 |
||
| 100 | _a24 | ||
| 101 | _aTEO | ||
| 245 |
_aThe Old Testament. An Introduction to the Hebrew Bible. _cHarris, S.L |
||
| 942 |
_2udc _cBK |
||
| 999 |
_c49607 _d49607 |
||